Elements with a Single Letter in their Symbol - Sudden Death - Statistics

General Stats
  • This quiz has been taken 650 times
  • The average score is 9 of 14
Answers on the Grid
Answers color-coded by a green-red scale on the quiz's grid according to % correct below.
Hydrogen
Boron
Carbon
Oxygen
Nitrogen
Fluorine
Phosphorus
Potassium
Vanadium
Yttrium
Iodine
Sulfur
Uranium
Lithium
Radium
Manganese
Radon
Plutonium
Americium
Oganesson
Silicon
Aluminium
Tungsten
Thallium
Tellurium
Zinc
Zirconium
Lead
 
Answer Stats
Answer % Correct
C Carbon
83%
H Hydrogen
83%
O Oxygen
83%
N Nitrogen
76%
I Iodine
71%
K Potassium
71%
S Sulfur
71%
B Boron
68%
U Uranium
63%
P Phosphorus
61%
F Fluorine
58%
W Tungsten
51%
Y Yttrium
46%
V Vanadium
44%
No matching quizzes found
Score Distribution
Percent of People with Each Score
Percentile by Number Answered
Your Score History
You have not taken this quiz